[Event "Luxembourg-ch"]
[Site "Luxembourg"]
[Date "1999.04.09"]
[Round "7"]
[White "Dhaene, Gilbert"]
[Black "Birtz, Claude"]
[Result "1/2-1/2"]
[WhiteElo "1670"]
[BlackElo "1778"]
[PlyCount "81"]
[EventDate "1999.04.03"]
[EventType "swiss"]
[EventRounds "9"]
[EventCountry "LUX"]
[SourceTitle "EXT 2005"]
[Source "ChessBase"]
[SourceDate "2004.11.15"]
[SourceVersion "1"]
[SourceVersionDate "2004.11.15"]
[SourceQuality "1"]

1. c4 f5 2. d4 e6 3. g3 Nf6 4. Bg2 Be7 5. Nc3 0-0 6. e4 fxe4 7. Nxe4 Nc6 8. Nxf6+ Bxf6 9. Ne2 d6 10. 0-0 e5 11. d5 Ne7 12. Be4 Bf5 13. Nc3 Qe8 14. Bxf5 Nxf5 15. Ne4 Be7 16. Bg5 Qg6 17. Bxe7 Nxe7 18. Qe2 Nf5 19. f3 Nd4 20. Qg2 Qh5 21. Nd2 Nc2 22. Rae1 Nxe1 23. Rxe1 Rf7 24. Re4 Raf8 25. Rh4 Qg5 26. Re4 Qg6 27. Qe2 Qf5 28. b3 Qd7 29. Kg2 c6 30. Qd3 Qc7 31. Rh4 g6 32. Re4 Rf6 33. h3 Qa5 34. dxc6 bxc6 35. a4 Qb4 36. g4 Qa3 37. h4 Qb2 38. Re2 Qa3 39. Nb1 Qb4 40. Nd2 Qb8 41. Re3 1/2-1/2

[Event "Luxembourg-ch"]
[Site "Luxembourg"]
[Date "1999.04.04"]
[Round "2"]
[White "Dhaene, Gilbert"]
[Black "Schmit, Jean Claude"]
[Result "1-0"]
[WhiteElo "1670"]
[BlackElo "1500"]
[PlyCount "111"]
[EventDate "1999.04.03"]
[EventType "swiss"]
[EventRounds "9"]
[EventCountry "LUX"]
[SourceTitle "EXT 2005"]
[Source "ChessBase"]
[SourceDate "2004.11.15"]
[SourceVersion "1"]
[SourceVersionDate "2004.11.15"]
[SourceQuality "1"]

1. c4 c5 2. Nc3 b6 3. Nf3 Bb7 4. e3 g6 5. d4 cxd4 6. exd4 Bg7 7. Be2 d6 8. 0-0 e6 9. Re1 Ne7 10. Bg5 h6 11. Bxe7 Qxe7 12. Rc1 Nd7 13. Nb5 Nf6 14. Nc3 0-0 15. b3 a6 16. Bd3 Rac8 17. d5 e5 18. Qd2 Nd7 19. Re2 Nc5 20. Bb1 f5 21. Nd4 Qf6 22. Nc6 Bxc6 23. dxc6 Rxc6 24. Qd5+ Ne6 25. Qxc6 Nd4 26. Qd5+ Kh7 27. Ree1 Qg5 28. Rcd1 Qe7 29. Ne2 Nxe2+ 30. Rxe2 Rd8 31. Red2 e4 32. Re1 Qe5 33. Qxe5 Bxe5 34. Rd5 Bc3 35. Red1 Bb4 36. Kf1 Kg7 37. Bc2 Kf6 38. Ke2 Bc5 39. Kf1 Rd7 40. Re1 Bb4 41. Re2 Re7 42. Rd1 Bc5 43. Bb1 b5 44. cxb5 axb5 45. Rc1 b4 46. Rd1 Ke6 47. Bxe4 fxe4 48. Rxe4+ Kf6 49. Rxe7 Kxe7 50. Re1+ Kf6 51. f3 g5 52. g4 Bd4 53. Ke2 Ke5 54. Kd3+ Kd5 55. Re7 Be5 56. h3 1-0

[Event "LUX-chABC"]
[Site "Dudelange"]
[Date "1998.04.18"]
[Round "8.25"]
[White "Birtz, Claude"]
[Black "Dhaene, Gilbert"]
[Result "1/2-1/2"]
[WhiteElo "1620"]
[BlackElo "1655"]
[PlyCount "34"]
[EventDate "1998.04.11"]
[EventType "swiss"]
[EventRounds "9"]
[EventCountry "LUX"]
[SourceTitle "EXT 2013"]
[Source "ChessBase"]
[SourceDate "2012.11.22"]
[SourceVersion "1"]
[SourceVersionDate "2012.11.22"]
[SourceQuality "1"]

1. f4 d5 2. b3 c5 3. e3 Nf6 4. Bb2 e6 5. Nf3 a6 6. Be2 Nc6 7. 0-0 Bd6 8. Ne5 Qc7 9. Nf3 b5 10. d3 Bb7 11. c4 dxc4 12. dxc4 b4 13. a4 Rd8 14. Qc2 Ng4 15. Bc1 Nf6 16. Bb2 Ng4 17. Bc1 Nf6 1/2-1/2

[Event "LUX-chABC"]
[Site "Dudelange"]
[Date "1998.04.15"]
[Round "5.24"]
[White "Dhaene, Gilbert"]
[Black "Agovic, Esad"]
[Result "1-0"]
[WhiteElo "1655"]
[BlackElo "1615"]
[PlyCount "67"]
[EventDate "1998.04.11"]
[EventType "swiss"]
[EventRounds "9"]
[EventCountry "LUX"]
[SourceTitle "EXT 2013"]
[Source "ChessBase"]
[SourceDate "2012.11.22"]
[SourceVersion "1"]
[SourceVersionDate "2012.11.22"]
[SourceQuality "1"]

1. c4 e5 2. Nc3 Nf6 3. g3 Bc5 4. Bg2 Ng4 5. e3 Nf6 6. d4 exd4 7. exd4 Qe7+ 8. Nge2 Bb4 9. 0-0 0-0 10. Re1 Qd8 11. a3 Be7 12. Nf4 c6 13. d5 cxd5 14. Nfxd5 Bc5 15. Bf4 Na6 16. b4 Bb6 17. c5 Bc7 18. Bxc7 Nxc7 19. Nxc7 Qxc7 20. Nd5 Nxd5 21. Qxd5 Rb8 22. Rac1 Rd8 23. Re7 Rf8 24. Rce1 b6 25. c6 Qd8 26. Qd6 dxc6 27. Qxd8 Be6 28. Qc7 Rfe8 29. Qf4 c5 30. R1xe6 Rf8 31. Rd6 Rbc8 32. Rdd7 c4 33. Rxf7 c3 34. Rxg7+ 1-0

[Event "LUX-chABC"]
[Site "Dudelange"]
[Date "1998.04.12"]
[Round "2.32"]
[White "Mertens, Paul"]
[Black "Dhaene, Gilbert"]
[Result "1/2-1/2"]
[WhiteElo "1575"]
[BlackElo "1655"]
[PlyCount "72"]
[EventDate "1998.04.11"]
[EventType "swiss"]
[EventRounds "9"]
[EventCountry "LUX"]
[SourceTitle "EXT 2013"]
[Source "ChessBase"]
[SourceDate "2012.11.22"]
[SourceVersion "1"]
[SourceVersionDate "2012.11.22"]
[SourceQuality "1"]

1. d4 Nf6 2. c4 e6 3. Nc3 d5 4. Nf3 Be7 5. Bf4 0-0 6. e3 c6 7. Bd3 Nbd7 8. 0-0 dxc4 9. Bxc4 Nb6 10. Bb3 Nbd5 11. Bg5 Nxc3 12. bxc3 Ne4 13. Bxe7 Qxe7 14. Qd3 Nf6 15. Bc2 g6 16. c4 Rd8 17. Rfe1 c5 18. Qa3 b6 19. Rad1 Qc7 20. Qc3 cxd4 21. Rxd4 Rxd4 22. Qxd4 Qe7 23. Rd1 Bb7 24. Ne5 Rc8 25. f3 Qc5 26. Qf4 Qe7 27. Ba4 Rd8 28. Rxd8+ Qxd8 29. h3 Kg7 30. g4 h6 31. h4 Qd2 32. g5 Qe1+ 33. Kg2 Qe2+ 34. Kh3 Qf1+ 35. Kh2 Qf2+ 36. Kh3 Qf1+ 1/2-1/2

[Event "LUX-chABC"]
[Site "Dudelange"]
[Date "1998.04.11"]
[Round "1.13"]
[White "Dhaene, Gilbert"]
[Black "Milbers, Paul"]
[Result "0-1"]
[WhiteElo "1655"]
[BlackElo "2045"]
[PlyCount "84"]
[EventDate "1998.04.11"]
[EventType "swiss"]
[EventRounds "9"]
[EventCountry "LUX"]
[SourceTitle "EXT 2013"]
[Source "ChessBase"]
[SourceDate "2012.11.22"]
[SourceVersion "1"]
[SourceVersionDate "2012.11.22"]
[SourceQuality "1"]

1. c4 c5 2. Nc3 Nc6 3. g3 d6 4. Bg2 Bf5 5. d3 Nf6 6. Nf3 e6 7. 0-0 Be7 8. a3 0-0 9. Nh4 Bg4 10. Nf3 d5 11. cxd5 exd5 12. e3 a6 13. Qc2 b5 14. Bd2 Rb8 15. Na2 a5 16. b4 axb4 17. axb4 c4 18. Bc3 Ra8 19. Ne5 Nxe5 20. Bxe5 Bf5 21. e4 cxd3 22. Qxd3 dxe4 23. Qxb5 Bd7 24. Qe2 Qb6 25. Bxe4 Nxe4 26. Qxe4 Qe6 27. Nc3 Bc6 28. Qe2 Bxb4 29. Bd4 Qh3 30. f3 Rxa1 31. Rxa1 Re8 32. Qf2 Bxc3 33. Bxc3 Bb5 34. Rb1 Qd7 35. Re1 f6 36. Ba1 Rxe1+ 37. Qxe1 Qa7+ 38. Kg2 Kf7 39. Qd1 Qa2+ 40. Kg1 Be2 41. Qe1 Bxf3 42. Qf1 Qa7+ 0-1

[Event "LUX-chABC"]
[Site "Dudelange"]
[Date "1997.04.06"]
[Round "9.32"]
[White "Donini, Carlo"]
[Black "Dhaene, Gilbert"]
[Result "0-1"]
[WhiteElo "1490"]
[BlackElo "1675"]
[PlyCount "49"]
[EventDate "1997.03.29"]
[EventType "swiss"]
[EventRounds "9"]
[EventCountry "LUX"]
[SourceTitle "EXT 2013"]
[Source "ChessBase"]
[SourceDate "2012.11.22"]
[SourceVersion "1"]
[SourceVersionDate "2012.11.22"]
[SourceQuality "1"]

1. c4 e5 2. Nc3 Nf6 3. g3 c6 4. Bg2 g6 5. d3 Bg7 6. Nf3 d6 7. 0-0 0-0 8. Bd2 Re8 9. e4 Bd7 10. b3 Qc8 11. Rc1 Bg4 12. Qc2 Nbd7 13. Ne1 Nf8 14. f3 Be6 15. Be3 h5 16. Qd2 Bh3 17. Bxh3 Qxh3 18. Qg2 Qxg2+ 19. Kxg2 Ne6 20. Nc2 Nd7 21. f4 exf4 22. Bxf4 Nxf4+ 23. Rxf4 Bxc3 24. Rcf1 Re7 25. d4 0-1

[Event "LUX-chABC"]
[Site "Dudelange"]
[Date "1997.03.31"]
[Round "3.20"]
[White "Dhaene, Gilbert"]
[Black "Krier, Clement"]
[Result "1/2-1/2"]
[WhiteElo "1675"]
[BlackElo "1880"]
[PlyCount "121"]
[EventDate "1997.03.29"]
[EventType "swiss"]
[EventRounds "9"]
[EventCountry "LUX"]
[SourceTitle "EXT 2013"]
[Source "ChessBase"]
[SourceDate "2012.11.22"]
[SourceVersion "1"]
[SourceVersionDate "2012.11.22"]
[SourceQuality "1"]

1. c4 c6 2. Nc3 d5 3. cxd5 cxd5 4. d4 Nf6 5. g3 Bd7 6. Bg2 Bc6 7. Nf3 Nbd7 8. 0-0 e6 9. Re1 Bd6 10. e3 0-0 11. b3 Bb4 12. Bd2 Qa5 13. Qc2 Rac8 14. Qb2 Qa3 15. Qxa3 Bxa3 16. Bf1 Ne4 17. Rab1 Nxd2 18. Nxd2 Bb4 19. Rbc1 Nf6 20. Red1 Ba3 21. Rc2 Bd7 22. Ndb1 Bd6 23. Rdc1 a6 24. Bd3 b5 25. Ne2 Rxc2 26. Rxc2 Rc8 27. Rxc8+ Bxc8 28. Nbc3 Bb4 29. a4 bxa4 30. bxa4 Kf8 31. Bc2 Ke7 32. Na2 Ba5 33. Nec1 g6 34. Ne2 Ne4 35. Bxe4 dxe4 36. Nac3 Bb7 37. Kf1 Kd6 38. Ke1 e5 39. dxe5+ Kxe5 40. Kd1 Bc8 41. Kc2 Bd7 42. Nd4 g5 43. Nb3 Bb4 44. Nd2 Bxc3 45. Kxc3 Bxa4 46. Nc4+ Ke6 47. Kd4 f5 48. Kc5 Bb5 49. Nd6 Be2 50. Nb7 Ke5 51. Na5 Bb5 52. Nb3 h5 53. Nd4 g4 54. Nxb5 axb5 55. Kxb5 Kd5 56. Kb4 Kd6 57. Kc3 Kc5 58. Kd2 Kb4 59. Ke2 Kc3 60. Ke1 Kc2 61. Ke2 1/2-1/2

[Event "Luxembourg op"]
[Site "Luxembourg"]
[Date "1996.??.??"]
[Round "2"]
[White "Schneider, Raymond"]
[Black "Dhaene, Gilbert"]
[Result "1-0"]
[WhiteElo "1950"]
[BlackElo "1655"]
[PlyCount "55"]
[EventDate "1996.??.??"]
[EventType "swiss"]
[EventRounds "9"]
[EventCountry "LUX"]
[SourceTitle "EXT 2005"]
[Source "ChessBase"]
[SourceDate "2004.11.15"]
[SourceVersion "1"]
[SourceVersionDate "2004.11.15"]
[SourceQuality "1"]

1. c4 e6 2. Nf3 Nf6 3. g3 b6 4. Bg2 Bb7 5. 0-0 d5 6. b3 Be7 7. Bb2 0-0 8. Qc2 h6 9. Ne5 c6 10. d4 Nbd7 11. Nd2 Rc8 12. Rad1 Re8 13. e4 Nf8 14. Qd3 N8h7 15. h4 dxe4 16. Nxe4 Nxe4 17. Qxe4 Nf6 18. Qe2 Qc7 19. Rfe1 Bb4 20. Rf1 Bd6 21. Rd3 Ba8 22. Rfd1 Red8 23. Ng4 Be7 24. a3 Rd7 25. Ne5 Rdd8 26. Re1 Nd7 27. Nxf7 Rf8 28. Nxh6+ 1-0